| 000 | 00575nam a22001937a 4500 | ||
|---|---|---|---|
| 005 | 20251108174717.0 | ||
| 008 | 250721s2007 xx 000 0 ara d | ||
| 020 | _a9957181904 | ||
| 082 | 1 | 4 | _a515/صبر |
| 100 | 1 |
_aصبره، رمضان محمد _eمؤلف |
|
| 245 | 1 | 0 | _aالتحليل المركب / |
| 264 | 1 |
_aعمان : _bدار المناهج للنشر و التوزيع، _c2007. |
|
| 300 | _a197 ص. | ||
| 650 | 1 | 7 | _aالتحليل العددي |
| 650 | 1 | 7 | _aالتحليل الرياضي |
| 650 | 1 | 7 | _aالحساب |
| 942 |
_2ddc _cBK |
||
| 999 |
_c116089 _d116089 |
||